LEADER 03659 am 22006253u 450 001 996318448103316 005 20231110213244.0 010 $a3-11-066028-8 010 $a3-11-066023-7 024 7 $a10.1515/9783110660289 035 $a(CKB)4100000009940287 035 $a(OAPEN)1006918 035 $a(DE-B1597)522224 035 $a(OCoLC)1129169560 035 $a(DE-B1597)9783110660234 035 $a(MiAaPQ)EBC6209868 035 $a(Au-PeEL)EBL6209868 035 $a(oapen)https://directory.doabooks.org/handle/20.500.12854/34760 035 $a(EXLCZ)994100000009940287 100 $a20200406h20192020 fg 101 0 $ager 135 $auuuuu---auuuu 181 $ctxt$2rdacontent 182 $cc$2rdamedia 183 $acr$2rdacarrier 200 10$aDialekte machen $eKonstruktion und Gebrauch arealer Varianten im Kontext sprachraumbezogener Alltagsdiskurse /$fAlexandra Schiesser 210 $aBerlin/Boston$cDe Gruyter$d2020 210 1$aBerlin ;$aBoston : $cDe Gruyter, $d[2019] 210 4$d©2020 215 $a1 online resource (429) 225 0 $aLinguistik - Impulse & Tendenzen ;$v85 311 $a3-11-066022-9 327 $tFrontmatter -- $tVorwort -- $tAbbildungsverzeichnis -- $tTabellenverzeichnis -- $tVerzeichnis der Abkürzungen -- $tInhalt -- $t1. Einführung in die Thematik -- $t2. Vom Interesse daran, wie Laien Sprache wahrnehmen -- $t3. Sprache und Raum -- $t4. Sprechen über Sprache -- $t5. Sprachliche Variation -- $t6. Stil -- $t7. Identität -- $t8. Erhebung der Daten -- $t9. Aufbereitung der Daten -- $t10. Mentale Strukturierung des Sprachraums -- $t11. Diskursive Konstituierung des Sprachraums -- $t12. Konzeptualisierung soziosymbolisch relevanter Varianten -- $t13. Gruppenspezifischer Gebrauch soziosymbolisch relevanter Varianten -- $t14. Individueller Gebrauch soziosymbolisch relevanter Varianten -- $t15. Zusammenschau der Ergebnisse -- $t16. Ausblick -- $tLiteraturverzeichnis -- $tRegister 330 $aDie empirische Studie untersucht die gesellschaftliche Bedeutung von Dialekt und Dialektgebrauch in der Schweiz. Über interdisziplinäre Zugänge arbeitet sie heraus, wie (eng) laienlinguistische Wahrnehmung und Bewertung von Sprache mit dem Sprachgebrauch in Zusammenhang stehen. Sie zeigt, dass Dialekte über diskursive Prozesse konstruiert und im Sprachgebrauch reproduziert werden und damit, wie Dialekte von Sprechern gemacht werden. 330 $aThis empirical study examines the importance of dialect and dialect use in Switzerland. Based on interdisciplinary approaches, it explores the extent to which linguistic perception and assessment on the part of laypersons is connected to actual language use. It shows that dialects are constructed by means of discursive processes and reproduced in language use. In this way, it illuminates how speakers create dialects. 410 0$aLinguistik - Impulse and Tendenzen 606 $aLinguistics$2bicssc 606 $aSociolinguistics$2bicssc 606 $aDialect, slang & jargon$2bicssc 607 $aSwitzerland$2fast 610 $aDialectology. 610 $adiscourse linguistics. 610 $asociolinguistics. 615 7$aLinguistics 615 7$aSociolinguistics 615 7$aDialect, slang & jargon 676 $a437/.9494 700 $aSchiesser$b Alexandra, $4aut$4http://id.loc.gov/vocabulary/relators/aut$0932438 712 02$aSchweizerischer Nationalfonds (SNF)$4fnd$4http://id.loc.gov/vocabulary/relators/fnd 801 0$bDE-B1597 801 1$bDE-B1597 906 $aBOOK 912 $a996318448103316 996 $aDialekte machen$92098274 997 $aUNISA LEADER 03337oam 22006014a 450 001 9910778842403321 005 20190503073321.0 010 $a0-262-27349-7 010 $a0-585-44652-0 035 $a(CKB)111035898479410 035 $a(CtWfDGI)bkb00000093 035 $a(SSID)ssj0000153427 035 $a(PQKBManifestationID)11149325 035 $a(PQKBTitleCode)TC0000153427 035 $a(PQKBWorkID)10406118 035 $a(PQKB)11493824 035 $a(MiAaPQ)EBC3338442 035 $a(OCoLC)52290440$z(OCoLC)614549520$z(OCoLC)648371070$z(OCoLC)722745723$z(OCoLC)728047170$z(OCoLC)888475390$z(OCoLC)923250117$z(OCoLC)961636706$z(OCoLC)962720457$z(OCoLC)988432365$z(OCoLC)992067546$z(OCoLC)1037449238$z(OCoLC)1037922936$z(OCoLC)1038630884$z(OCoLC)1045452231$z(OCoLC)1055364645$z(OCoLC)1064083261$z(OCoLC)1081278053$z(OCoLC)1083612480 035 $a(OCoLC-P)52290440 035 $a(MaCbMITP)2958 035 $a(Au-PeEL)EBL3338442 035 $a(CaPaEBR)ebr2001041 035 $a(OCoLC)923250117 035 $a(PPN)170254062 035 $a(EXLCZ)99111035898479410 100 $a20000225d2000 uy 0 101 0 $aeng 135 $aurzn|||||| 181 $ctxt 182 $cc 183 $acr 200 10$aFamous first bubbles $ethe fundamentals of early manias /$fPeter M. Garber 210 $aCambridge, Mass. $cMIT Press$d©2000 215 $axi, 163 p. $cill., map 300 $aTitle from title screen. 311 $a0-262-07204-1 320 $aIncludes bibliographical references (p. [149]-153) and index. 330 $aThe jargon of economics and finance contains numerous colorful terms for market-asset prices at odds with any reasonable economic explanation. Examples include "bubble," "tulipmania," "chain letter," "Ponzi scheme," "panic," "crash," "herding," and "irrational exuberance." Although such a term suggests that an event is inexplicably crowd-driven, what it really means, claims Peter Garber, is that we have grasped a near-empty explanation rather than expend the effort to understand the event.In this book Garber offers market-fundamental explanations for the three most famous bubbles: the Dutch Tulipmania (1634-1637), the Mississippi Bubble (1719-1720), and the closely connected South Sea Bubble (1720). He focuses most closely on the Tulipmania because it is the event that most modern observers view as clearly crazy. Comparing the pattern of price declines for initially rare eighteenth-century bulbs to that of seventeenth-century bulbs, he concludes that the extremely high prices for rare bulbs and their rapid decline reflects normal pricing behavior. In the cases of the Mississippi and South Sea Bubbles, he describes the asset markets and financial manipulations involved in these episodes and casts them as market fundamentals. 606 $aSpeculation$xHistory 606 $aTulip Mania, 1634-1637 606 $aSouth Sea Bubble, Great Britain, 1720 610 $aECONOMICS/Finance 615 0$aSpeculation$xHistory. 615 0$aTulip Mania, 1634-1637. 615 0$aSouth Sea Bubble, Great Britain, 1720. 676 $a332.63/228 700 $aGarber$b Peter M$0122436 801 0$bOCoLC-P 801 1$bOCoLC-P 906 $aBOOK 912 $a9910778842403321 996 $aFamous first bubbles$92733431 997 $aUNINA